Szegeden megkezdődött az orvoskongresszus
Elmentve itt :
| Szerző: | |
|---|---|
| Dokumentumtípus: | Cikk |
| Megjelent: |
1979-07-03
|
| Sorozat: | Délmagyarország
69 No. 153 |
| Kulcsszavak: | egészségügyi tanácskozások, továbbképzések |
| Online Access: | http://dmarchiv.bibl.u-szeged.hu/103188 |
| LEADER | 00504nab a2200157 i 4500 | ||
|---|---|---|---|
| 001 | delm103188 | ||
| 005 | 20190523105852.0 | ||
| 008 | 190523s1979 hu o 0|| hun d | ||
| 040 | |a SZTE Délmagyarország Archívum |b hun | ||
| 041 | |a hun | ||
| 100 | 1 | |a Sulyok Erzsébet | |
| 245 | 1 | 0 | |a Szegeden megkezdődött az orvoskongresszus |h [elektronikus dokumentum] / |c Sulyok Erzsébet |
| 260 | |c 1979-07-03 | ||
| 300 | |a 1 | ||
| 490 | 0 | |a Délmagyarország |v 69 No. 153 | |
| 695 | |a egészségügyi tanácskozások, továbbképzések | ||